000 00319 a2200157 4500
001 173742
020 _a
040 _cMagnum
100 _aParent, Maju
240 1 0 _aFininha, a fofinha
_lpor
245 1 0 _aFininha, a fofinha
362 0 _a1899
440 1 _aSalamandra
697 _aI/PARADIDATICO
942 _cBK
999 _c173742
_d173742